| 000 | 00572nam a2200205 u 4500 | ||
|---|---|---|---|
| 005 | 20210223131618.0 | ||
| 008 | 111021s2006 mx r 000 0 spa d | ||
| 020 | _a9709718495 | ||
| 035 | _aUPN01000182306 | ||
| 049 | _aI | ||
| 050 | 4 |
_aR468 P3.7 _bP3.8 |
|
| 100 | 1 |
_aPérez Tamayo, Ruy, _d1924- |
|
| 245 | 1 | 0 |
_aSoy-- médico / _cRuy Pérez Tamayo. |
| 260 |
_aMéxico : _bTecolote, _c2006. |
||
| 300 |
_a58 p. : _bil. col. |
||
| 440 | 0 | _aCiencia niños | |
| 600 | 1 | 4 |
_aPEREZ TAMAYO, RUY, _d1924- |
| 650 | 4 |
_aMEDICOS - _zMEXICO - _vBIOGRAFIA _920344 |
|
| 905 | _aInfantil | ||
| 999 |
_c154409 _d154409 |
||